00861pab a2200145 454500008004000000100002000040245005400060260000900114300001300123362001100136520048700147650002900634650001800663773003400681180718b2008 xxu||||| |||| 00| 0 eng d aZaidi, S. Akbar aSocial and structural transformations in Pakistan c2008 ap.10-17. a17 May aStructural developments over the last decade in Pakistan have resulted in numerous substantive transformations, which have altered social relations and societal structures. There are many reasons for this change such as capital inflows, globalisation, the media boom and trends in women's education. There is a need to interpret and further explore such developments to examine and understand what, if anything, they mean for political transitions and transformations. - Reproduced. aSocial change - Pakistan aSocial change aEconomic and Political Weekly